Books by Author Click Quiz #4 - Statistics

General Stats
  • This quiz has been taken 289 times
    270 since last reset
  • The average score is 20 of 32
Answer Stats
Hint Answer % Correct
The Shining Stephen King
92%
Death on the Nile Agatha Christie
89%
The Return of Sherlock Holmes Arthur Conan Doyle
89%
It Stephen King
89%
Antony and Cleopatra William Shakespeare
89%
The War of the Worlds H. G. Wells
83%
Carrie Stephen King
83%
Much Ado About Nothing William Shakespeare
81%
The Time Machine: An Invention H. G. Wells
80%
The Murder at the Vicarage Agatha Christie
77%
The Body in the Library Agatha Christie
77%
The Metamorphosis Franz Kafka
77%
One Hundred Years of Solitude Gabriel García Márquez
77%
The Two Gentlemen of Verona William Shakespeare
77%
Love in the Time of Cholera Gabriel García Márquez
76%
Misery Stephen King
75%
The Comedy of Errors William Shakespeare
74%
Thus Spoke Zarathustra Friedrich Nietzsche
66%
The Invisible Man H. G. Wells
65%
The Trial Franz Kafka
63%
Beyond Good and Evil Friedrich Nietzsche
59%
Ecce Homo Friedrich Nietzsche
56%
The Castle Franz Kafka
53%
The Island of Dr Moreau H. G. Wells
50%
Gay Science Friedrich Nietzsche
45%
His Last Bow Arthur Conan Doyle
34%
Curtain Agatha Christie
31%
The Valley of Fear Arthur Conan Doyle
26%
Chronicle of a Death Foretold Gabriel García Márquez
25%
No One Writes to the Colonel Gabriel García Márquez
23%
Lost in America Franz Kafka
17%
The Lost World Arthur Conan Doyle
16%
No matching quizzes found
Score Distribution
Percent of People with Each Score
Percentile by Number Answered
Your Score History
You have not taken this quiz since the last reset